000 02973nam a2200313 i 4500
001 768714001
003 CO-MdFUSB
005 20250528152701.0
008 910522t1992 -us||||||ab 000 ||eng|c
020 _a0268015155
040 _aCO-MdFUSB
_bspa
_cCO-MdFUSB
_dCO-MdFUSBC
_erda
041 _aeng
082 _223
_a202.118
_bP962
245 0 4 _aThe Problem of evil :
_bselected readings /
_ceditado por Michael L. Peterson
264 1 _aNotre Dame, Indiana, Estados Unidos :
_bUniversity of Notre Dame Press,
_c[1992]
264 4 _c© 1992
300 _a391 páginas ;
_c24 cm
336 _2rdacontent
_atexto
_btxt
337 _2rdamedia
_asin mediación
_bn
338 _2rdacarrier
_avolumen
_bnc
504 _aIncluye bibliografía
505 _aPrefacio -- Introducción: El problema del mal -- Enunciados clásicos del problema. -- Tratamientos tradicionales -- La queja de Job y la respuesta del torbellino -- Del libro de Job -- Ningún mal viene de Dios / Santo Tomás de Aquino -- El mal y el Dios de la religión / David Hume -- tratamientos modernos -- Rebelión / Fiódor Dostoievski -- El sufrimiento físico y la justicia de Dios / Albert Camus -- Noche / Elie Wiesel -- Versiones del problema del mal -- El problema lógico --Maldad y omnipotencia / JL Mackie -- La defensa del libre albedrío / Alvin Plantinga -- El problema probatorio -- ¿Es el mal evidencia en contra de la existencia de Dios? / Miguel Martín -- El mal como evidencia contra la existencia de Dios / David Basinger -- El problema existencial -- Sobre lamentar los males de este mundo / William Hasker -- Sufrimiento redentor: una solución cristiana al problema del mal / Marilyn M. Adams -- Perspectivas en la teodicea -- Teodicea agustiniana -- La capacidad de una buena creación para el mal / San Agustín -- Agustín y la negación del mal genuino / David Ray Griffin -- teodicea ireneana -- El mundo como un valle de creación de almas / John Hick --El Dios amoroso: Algunas observaciones de la teodicea de Hick / Roland Puccetti. Teodicea del proceso -- La persuasión divina y el triunfo del Bien / Lewis Ford -- Poder malvado y persuasivo / Peter Hare y Edward Madden -- Cuestiones en el problema del malDios y el mejor mundo posible -- ¿Debe Dios crear lo mejor? / Roberts M.Adams -- Dios, la perfección moral y los mundos posibles / Philip L. Quinn -- Los males naturales y las leyes naturales -- Mal natural / Richard Swinburne -- Conocimiento, libertad y el problema del mal / Eleonore Stump -- Defensa y teodicea -- Por qué plantinga debe pasar de la defensa a la teodicea / Jerry L. Walls -- Muros publicitarios / Alvin Plantinga -- Teodicea teórica y práctica -- Tomando el sufrimiento en serio / Kenneth Surin -- ¿Se puede evitar la teodicea? El reclamo del mal no redimido / James Wetzel
563 _aRústico
653 _aTeodicea
700 1 _aPeterson, Michael L.
_eeditor
942 _cBK
945 _aMag1104
999 _c68948
_d68948